| 000 | 01352cam a2200445 4500 | ||
|---|---|---|---|
| 003 | PE-LiUPU | ||
| 005 | 20250731172703.0 | ||
| 020 | _a0804200858 | ||
| 035 | _a(Sirsi) i9780804200851 | ||
| 035 | _a(Sirsi) 20751 | ||
| 035 | _a(Sirsi) 20751 | ||
| 041 | _aen | ||
| 044 | _aus | ||
| 082 | 0 | 4 |
_a222.106 _bM22 |
| 100 | 1 | _aMann, Thomas Wingate | |
| 245 | 1 | 4 |
_aThe book of the tora : _bthe narrative integrity of the pentateuch / _cThomas Wingate Mann. |
| 264 | 1 |
_aAtlanta, Georgia : _bJohn knox press, _c1988. |
|
| 300 |
_a180 páginas ; _c23 cm. |
||
| 504 | _aIncluye bibliografía | ||
| 505 | 0 | _aGenesis -- Exodus -- Leviticus -- Numbers -- Deuteronomy | |
| 526 | _aSEG42 | ||
| 526 | _aSEG41 | ||
| 526 | _aSEG40 | ||
| 526 | _aSEG39 | ||
| 526 | _aP94 | ||
| 526 | _aP87 | ||
| 526 | _aP86 | ||
| 526 | _aP85 | ||
| 526 | _aP77 | ||
| 526 | _aP76 | ||
| 526 | _aP35 | ||
| 630 | 0 | 4 |
_aBiblia _pA.T. _pPentateuco _xComentarios |
| 942 |
_2ddc _cBOOK |
||
| 949 |
_a222.106 M22 _i43653 _lPOSTGRADO _mBUL _tLIBRO _o.STAFF. Posgrado |
||
| 859 |
_q43653 _h222.106 _iM22 |
||
| 910 | _aaj-hd | ||
| 596 | _a1 | ||
| 999 |
_a222.106 M22 _wDEWEY _c119 _i43653 _d119 _f2021-11-9 _g5 _lCCODEBUL1 _mBUL _q1 _r0 _sY _tBOOK _u2015-6-16 _xTEOLOGIA _zUNKNOWN _0COMPRA _o.STAFF. Colección General |
||
| 980 |
_81 _gALBERTO SANCHEZ Responsable de Automatización |
||